| Tag |
First Indicator |
Second Indicator |
Subfields |
| LEADER |
00000cam a2200000 a 4500 |
| 001 |
in00002012108 |
| 005 |
20210213063624.0 |
| 008 |
040127s2004 ne a 001 0 eng |
| 015 |
|
|
|a GBA4Y4921
|2 bnb
|
| 016 |
7 |
|
|a 008385924
|2 Uk
|
| 020 |
|
|
|a 0750663995 (pbk)
|
| 035 |
|
|
|a (OCoLC)ocm56913458
|
| 040 |
|
|
|a UKM
|c UKM
|d ITD
|d TXA
|d UtOrBLW
|
| 049 |
|
|
|a TXAM
|
| 082 |
0 |
4 |
|a 621.317
|2 22
|
| 090 |
|
|
|a TK3227
|b .V55 2004
|
| 100 |
1 |
|
|a Vijayaraghavan, G.
|
| 245 |
1 |
0 |
|a Practical grounding, bonding, shielding and surge protection /
|c G. Vijayaraghavan, Mark Brown, Malcolm Barnes.
|
| 264 |
|
1 |
|a Amsterdam ;
|a London :
|b Elsevier,
|c 2004.
|
| 300 |
|
|
|a x, 237 pages :
|b illustrations ;
|c 27 cm.
|
| 336 |
|
|
|a text
|b txt
|2 rdacontent
|
| 337 |
|
|
|a unmediated
|b n
|2 rdamedia
|
| 338 |
|
|
|a volume
|b nc
|2 rdacarrier
|
| 490 |
1 |
|
|a Practical professional books from Elsevier
|
| 500 |
|
|
|a Includes index.
|
| 650 |
|
0 |
|a Electric apparatus and appliances
|x Protection.
|
| 650 |
|
0 |
|a Electric currents
|x Grounding.
|
| 700 |
1 |
|
|a Brown, Mark
|c (Electrical engineer)
|
| 700 |
1 |
|
|a Barnes, Malcolm
|d (Electrical engineer)
|
| 830 |
|
0 |
|a Practical professional books from Elsevier.
|
| 948 |
|
|
|a cataloged
|b h
|c 2004/12/14
|d c
|e ceaton
|f 3:03:34 pm
|
| 994 |
|
|
|a C0
|b TXA
|
| 999 |
|
|
|a MARS
|
| 999 |
f |
f |
|s db5ab3ee-1388-3717-88f6-ef06014bbcc5
|i aa142593-183f-3620-95a2-93c6179cca9c
|t 0
|
| 952 |
f |
f |
|p normal
|a Texas A&M University
|b College Station
|c Sterling C. Evans Library
|d Evans: Library Stacks
|t 0
|e TK3227 .V55 2004
|h Library of Congress classification
|i unmediated -- volume
|m A14831630398
|
| 998 |
f |
f |
|a TK3227 .V55 2004
|t 0
|l Evans: Library Stacks
|